Marisol sí sabe por qué te quiere, Ernesto

Guardado en:
Bibliografiske detaljer
Hovedforfatter: Campos, Gerardo
Format: Bog
Sprog:Undetermined
Udgivet: San José, Costa Rica EUNED 1998
Fag:
Tags: Tilføj Tag
Ingen Tags, Vær først til at tagge denne postø!

MARC

LEADER 00000nam a2200000Ia 4500
008 170316s9999 xx 000 0 und d
040 |a cru BVZT 
090 |a 868 C-3.3m 
100 |a Campos, Gerardo  |9 895 
245 |a Marisol sí sabe por qué te quiere, Ernesto  |c / Gerardo Campos 
260 |a San José, Costa Rica  |b EUNED  |c 1998 
300 |a 118 páginas 
650 |a COLECCIÓN VIEJA Y NUEVA NARRATIVA COSTARRICENSE  |9 428 
650 |a LITERATURA COSTARRICENSE  |9 17 
999 |c 10828  |d 10828 
942 |c 4 D  |h 868 C-3.3m  |2 z